书目信息 |
| 题名: |
世界地图集
|
|
| 作者: | 李绍明 主编 | |
| 分册: | ||
| 出版信息: | 北京 中国地图出版社 1998.12 |
|
| 页数: | 58幅,95页 | |
| 开本: | 26cm | |
| 丛书名: | ||
| 单 册: | ||
| 中图分类: | K991 | |
| 科图分类: | ||
| 主题词: | 世界地图 | |
| 电子资源: | ||
| ISBN: | 7-5031-2141-6 | |
| 000 | 00560nam0 2200205 45 | |
| 001 | 0201220878 | |
| 005 | 20050104163640.6 | |
| 010 | @a7-5031-2141-6@b精装@dCNY45.00 | |
| 100 | @a20020122d1998 km y0chiy0120 ea | |
| 101 | 0 | @achi |
| 105 | @aba z 000yy | |
| 200 | 1 | @a世界地图集@AShi Jie Di Tu Ji@f李绍明主编@FLi Shao Ming Zhu Bian |
| 205 | @a2版 | |
| 210 | @a北京@c中国地图出版社@d1998.12 | |
| 215 | @a58幅,95页@d26cm | |
| 606 | 0 | @a世界地图 |
| 690 | @aK991@v4 | |
| 701 | 0 | @a李绍明@4主编 |
| 801 | @aCN@bTSTC@c20020122 | |
| 905 | @b304195-197@dK991@e41=2@f3 | |
| 世界地图集/李绍明主编.-2版.-北京:中国地图出版社,1998.12 |
| 58幅,95页;26cm |
| ISBN 7-5031-2141-6(精装):CNY45.00 |
| ● |
| 相关链接 |
|
|
|
|
正题名:世界地图集
索取号:K991/41=2
 
预约/预借
| 序号 | 登录号 | 条形码 | 馆藏地/架位号 | 状态 | 备注 |
| 1 | 0304195 | 203041957 | 工具书阅览室/ [索取号:K991/41=2] | 在馆 | |
| 2 | 0304196 | 203041966 | 密集书库/ [索取号:K991/41=2] | 在馆 | |
| 3 | 0304197 | 203041975 | 第二样本阅览室/ [索取号:K991/41=2] | 在馆 |